| 000 | 01339nam a2200361 i 4500 | ||
|---|---|---|---|
| 001 | 57220 | ||
| 003 | CO-BoRNBP | ||
| 005 | 20250605152913.0 | ||
| 007 | ta | ||
| 008 | 210917s20082021sp a br 000 0bspa d | ||
| 020 | _a9788434226821 | ||
| 040 |
_aCO-BoRNBP _bspa _erda _cCO-BoRNBP |
||
| 041 | 0 | _aspa | |
| 082 | 0 | 4 |
_a927.5 _bV15m _222 |
| 082 | 0 | 4 |
_a750.92 _bV15m |
| 100 | 1 |
_aMartín, Carme _eautora _959953 |
|
| 245 | 1 | 0 |
_aMe llamo... Vincent van gogh _bhe llenado el mundo de color, vida y energía _cCarme Martín ; ilustraciones de Rebeca Luciani |
| 250 | _aCuarta edición, Novena edición, Decima edición | ||
| 264 | 1 |
_aBarcelona _bParramón Paidotribo _c2008 _c2021 _cC2023 |
|
| 300 |
_a63 páginas _bilustraciones _c21 cm |
||
| 336 |
_atexto _btxt _2rdacontent |
||
| 337 |
_asin mediación _bn _2rdamedia |
||
| 338 |
_avolumen _bnc _2rdacarrier |
||
| 490 | 0 | _aMe llamo... | |
| 500 | _aContiene tabla cronológica sobre el autor | ||
| 521 | _aRecomendado para un público infantil mayor de 9 años | ||
| 600 | 1 | 4 |
_aVan Gogh, Vincent _d1853-1890 _xVida intelectual _vBiografia _959954 |
| 650 | 0 | 4 |
_aPostimpresionismo _2LEMB _959955 |
| 650 | 0 | 0 |
_aPintores holandeses _vBiografías _2LEMB _959956 |
| 650 | 0 | 4 |
_aArtistas holandeses _vBiografías _2LEMB _959957 |
| 700 | 1 |
_aLuciani, Rebeca _d1976- _eilustradora _959958 |
|
| 942 |
_2ddc _cBKINF |
||
| 999 |
_c57220 _d57220 |
||